000 00897nam a2200325 a 4500
003 AR-BaBNM
005 20251128210815.0
008 082120s2002 ||||||||||||||000 | spa||
020 _a950-765-081-4
040 _cAR-BaBNM
100 1 _aPoniachik, Jaime
245 0 0 _aPastillas de mente
260 _aBuenos Aires
_bJuegos
_bEdiciones de mente
_c1998
300 _a92 p.
_bil., tablas, gráf.
490 0 _aGente de mente
_vv. 1
650 4 _aJUEGO
650 4 _aJUEGOS EDUCATIVOS
650 4 _aPENSAMIENTO LOGICO
650 4 _aMATEMATICA
650 4 _aACTIVIDADES RECREATIVAS
650 4 _aPRUEBAS DE INTELIGENCIA
650 4 _aSOLUCION DE PROBLEMAS
653 _aPROBLEMAS [MATEMATICA]
700 1 _aPoniachik, Lea
700 0 _aKalondi
_eilustrador
800 1 _aPoniachik, Jaime
_edirector
800 1 _aSamoilovich, Daniel
_edirector
942 _cBK
998 _cRAQUEL
999 _c17000
_d17000